[Event "Budapest FS02 IM"]
[Site "Budapest"]
[Date "1997.??.??"]
[Round "4"]
[White "Varga, Peter"]
[Black "Caposciutti, Maurizio"]
[Result "1-0"]
[WhiteElo "2390"]
[BlackElo "2300"]

1.d4 Nf6 2.c4 e6 3.Nc3 Bb4 4.Qc2 O-O 5.a3 Bxc3+ 6.Qxc3 b6 7.Bg5 Bb7 8.f3 h6
9.Bh4 d5 10.e3 Nbd7 11.Nh3 c5 12.dxc5 bxc5 13.Bd3 e5 14.cxd5 Nxd5 15.Bxd8 Nxc3
16.Ba5 Nd5 17.e4 Ne7 18.O-O-O Nc6 19.Bb5 Ndb8 20.Bc7 Nd4 21.Bxb8 Raxb8 22.Bc4 Bc6
23.Kb1 Ba4 24.Rd2 Bb3 25.Rc1 Bxc4 26.Rxc4 Nb3 27.Rd3 Rfd8 28.Rxd8+ Rxd8 29.Ka2 Rd3
30.Nf2 Rd2 31.Kxb3 Rxf2 32.Rc2 Rf1 33.Kc4 g5 34.Kxc5 Kg7 35.Kb5 g4 36.fxg4 Rf4
37.Re2 Rf6 38.b4 Kg6 39.h4  1-0

[Event "Budapest FS12 IM-A"]
[Site "Budapest"]
[Date "1997.??.??"]
[Round "4"]
[White "Varga, Peter"]
[Black "Colovic, Aleksandar"]
[Result "1/2-1/2"]
[WhiteElo "2395"]
[BlackElo "2360"]

1.d4 Nf6 2.c4 e6 3.Nc3 Bb4 4.Qc2 O-O 5.a3 Bxc3+ 6.Qxc3 b6 7.Nf3 Bb7 8.g3 d6
9.Bg2 Nbd7 10.O-O a5 11.b3 Qe7 12.Bb2 Ne4 13.Qc2 f5 14.Rfd1 Ndf6 15.Nd2  1/2-1/2

[Event "Budapest FS04 GM"]
[Site "Budapest"]
[Date "1997.??.??"]
[Round "7"]
[White "Hoang Than Trang"]
[Black "Ooi Chern Ee"]
[Result "1/2-1/2"]
[WhiteElo "2355"]
[BlackElo "2305"]

1.d4 Nf6 2.c4 e6 3.Nc3 Bb4 4.Qc2 O-O 5.a3 Bxc3+ 6.Qxc3 b6 7.Bg5 Bb7 8.e3 Re8
9.f3 h6 10.Bh4 d5 11.Bd3 Nbd7 12.Ne2 e5 13.O-O e4 14.fxe4 dxc4 15.Bxc4 Rxe4
16.Bxf6 Nxf6 17.Ng3 Rg4 18.Rac1 Qe7 19.Be2 Rg5 20.Bf3 c5 21.Qb3 Bxf3 22.Rxf3 cxd4
23.exd4 Qd7 24.Qc4 Rd8 25.Rd1 h5 26.Qf1 h4 27.Nf5 h3 28.g3 Ne4 29.Rf4 Nd6
30.Nxd6 Qxd6 31.Rd2 Rd7 32.Re2 Rd8 33.Ref2 Rh5 34.Qc4 Qe6 35.Qd3 Rhd5 36.Re4 Qd7
37.Qf3 Qc7 38.Qe3 Qc6 39.g4 Qa4 40.Rd2 Qc4 41.Qc3 Qxc3 42.bxc3 Ra5 43.Ra2 Rc8
44.Re3 Ra4  1/2-1/2

[Event "Honved-B"]
[Site "Budapest"]
[Date "1997.??.??"]
[Round "7"]
[White "Hoang Than Trang"]
[Black "Horvath, Csaba"]
[Result "1/2-1/2"]
[WhiteElo "2355"]
[BlackElo "2485"]

1.d4 Nf6 2.c4 e6 3.Nc3 Bb4 4.Qc2 O-O 5.a3 Bxc3+ 6.Qxc3 b6 7.Bg5 Ba6 8.e3 d6
9.Bd3 Nbd7 10.Ne2 c5 11.Qb3 Qc7 12.O-O Rac8 13.Rac1 Qb8 14.Qa4 Bb7 15.b4 h6
16.Bh4 Bc6 17.Qc2 Qa8 18.f3 Rfe8 19.Qb2 a6  1/2-1/2

[Event "Budapest FS12 GM"]
[Site "Budapest"]
[Date "1997.??.??"]
[Round "8"]
[White "Hoang Than Trang"]
[Black "Horvath, Adam"]
[Result "0-1"]
[WhiteElo "2350"]
[BlackElo "2415"]

1.d4 Nf6 2.c4 e6 3.Nc3 Bb4 4.Qc2 O-O 5.a3 Bxc3+ 6.Qxc3 b6 7.Bg5 Bb7 8.e3 d6
9.f3 Nbd7 10.Bd3 c5 11.Ne2 Rc8 12.Qb3 h6 13.Bh4 cxd4 14.exd4 d5 15.O-O dxc4
16.Bxc4 Nb8 17.Rad1 Bd5 18.Rc1 Bxc4 19.Rxc4 Qd5 20.Rfc1 Nbd7 21.Qc2 Rxc4
22.Qxc4 Qa5 23.Qd3 Nd5 24.Be1 Qa4 25.Ng3 N7f6 26.Qc4 Qd7 27.Qc6 Rd8 28.Ne2 Nf4
29.Qxd7 Nxe2+ 30.Kf2 Rxd7 31.Kxe2 Rxd4 32.Rc8+ Kh7 33.Bc3 Rd7 34.Bxf6 gxf6
35.g3 Kg6 36.Rg8+ Kh7 37.Rc8 f5 38.Ke3 Kg7 39.Ke2 Rd5 40.Rc7 Rb5 41.b4 a5
42.Rc4 Re5+ 43.Kd2 Rd5+ 44.Ke3 Kf6 45.a4 b5 46.axb5 Rxb5 47.bxa5 Rxa5 48.Rc6 Ra2
49.h4 Rg2 50.Kf4 h5 51.Ra6 Re2 52.Rb6 Kg6 53.Ra6 Re1 54.Rb6 f6 55.g4 e5+
56.Kg3 fxg4 57.Kf2 Ra1 58.fxg4 hxg4 59.Kg3 Kf5 60.h5 Ra3+  0-1

[Event "Budapest FS03 IM-B"]
[Site "Budapest"]
[Date "1997.??.??"]
[Round "8"]
[White "Eperjesi, Laszlo"]
[Black "Farago, Sandor"]
[Result "1/2-1/2"]
[WhiteElo "2340"]
[BlackElo "2250"]

1.d4 Nf6 2.c4 e6 3.Nc3 Bb4 4.Qc2 O-O 5.a3 Bxc3+ 6.Qxc3 b6 7.g3 Bb7 8.Nf3 d6
9.Bg2 Nbd7 10.O-O Qe7 11.b4  1/2-1/2

[Event "Budapest FS03 IM-B"]
[Site "Budapest"]
[Date "1997.??.??"]
[Round "8"]
[White "Kahn, Evarth"]
[Black "Ellers, Holger"]
[Result "1/2-1/2"]
[WhiteElo "2370"]
[BlackElo "2260"]

1.d4 e6 2.c4 Nf6 3.Nc3 Bb4 4.Qc2 O-O 5.Bg5 c5 6.dxc5 Na6 7.Bd2 Bxc5 8.e3 d5
9.cxd5 Nb4 10.Qb3 Nbxd5 11.Nf3 b6 12.Be2 Bb7 13.O-O Qe7 14.Qa4 Nxc3 15.Bxc3 Ne4
16.Be5 Rfd8 17.Ba6 Bxa6 18.Qxa6 Nd2 19.Nxd2 Rxd2 20.Bc3 Rd7 21.Qc4 Rad8 22.Qg4 f6
23.a3 b5 24.h3 Rd5 25.Rad1 Rxd1 26.Rxd1 Rxd1+ 27.Qxd1 b4 28.axb4 Bxb4 29.Bxb4 Qxb4
30.Qd7 Kf8 31.Qxe6 Qe1+ 32.Kh2 Qxf2 33.b4 Qb2 34.Qd6+ Kf7 35.Qd5+ Kg6 36.Qe4+ Kf7
37.Qc4+ Kg6 38.Qg4+ Kf7 39.Qh5+ Ke6 40.Qe8+ Kd5 41.Qd7+ Ke4 42.Qxa7 Qxb4  1/2-1/2

[Event "Budapest FS04 IM"]
[Site "Budapest"]
[Date "1997.??.??"]
[Round "8"]
[White "Farago, Sandor"]
[Black "Eperjesi, Laszlo"]
[Result "1/2-1/2"]
[WhiteElo "2250"]
[BlackElo "2340"]

1.d4 Nf6 2.c4 e6 3.Nc3 Bb4 4.Qc2 O-O 5.a3 Bxc3+ 6.Qxc3 b6 7.Bg5 Bb7 8.Nf3 d6
9.e3 Nbd7 10.Be2 h6 11.Bh4  1/2-1/2

[Event "Budapest FS12 GM"]
[Site "Budapest"]
[Date "1997.??.??"]
[Round "10"]
[White "Hoang Than Trang"]
[Black "Gonzalez Garcia, Jose"]
[Result "1/2-1/2"]
[WhiteElo "2350"]
[BlackElo "2420"]

1.d4 Nf6 2.c4 e6 3.Nc3 Bb4 4.Qc2 O-O 5.a3 Bxc3+ 6.Qxc3 b6 7.Nf3 Ba6 8.Bg5 d6
9.e3 Nbd7 10.b4 c5 11.dxc5 bxc5 12.b5 Bb7 13.Bd3 d5 14.O-O Re8 15.Nd2 h6
16.Bh4 Qb6  1/2-1/2

[Event "Budapest FS05 IM"]
[Site "Budapest"]
[Date "1997.??.??"]
[Round "12"]
[White "Kahn, Evarth"]
[Black "Lopushnoy, Denis"]
[Result "1-0"]
[WhiteElo "2370"]
[BlackElo "2290"]

1.d4 Nf6 2.c4 e6 3.Nc3 Bb4 4.Qc2 O-O 5.a3 Bxc3+ 6.Qxc3 Ne4 7.Qc2 f5 8.Nh3 Nc6
9.e3 d6 10.f3 Nf6 11.Bd3 e5 12.dxe5 dxe5 13.Bxf5 e4 14.Bxc8 Qxc8 15.f4 Qf5
16.Nf2 Rad8 17.O-O Rd7 18.b3 Rfd8 19.Bb2 Rd2 20.Qc3 R8d3 21.Nxd3 Rxd3 22.Qc2 Ng4
23.Bc1 Qc5 24.b4 Qh5 25.h3 Nxe3 26.Bxe3 Rxe3 27.Qd1 Qe8 28.Qd5+ Kh8  1-0

[Event "Buenos Aires op"]
[Site "Buenos Aires"]
[Date "1997.??.??"]
[Round "6"]
[White "Debarnot, Roberto"]
[Black "Slipak, Sergio"]
[Result "0-1"]
[WhiteElo "2355"]
[BlackElo "2505"]

1.d4 Nf6 2.c4 e6 3.Nc3 Bb4 4.Qc2 O-O 5.a3 Bxc3+ 6.Qxc3 b6 7.Bg5 c5 8.e3 cxd4
9.Qxd4 Bb7 10.Nf3 Nc6 11.Qh4 h6 12.Bxf6 Qxf6 13.Qxf6 gxf6 14.O-O-O Rfd8 15.b3 Na5
16.Kb2 d5 17.cxd5 Bxd5 18.b4 Nc4+ 19.Bxc4 Bxc4 20.Rd4 Rxd4 21.Nxd4 a5 22.f3 e5
23.Nb3 axb4 24.axb4 Ra4 25.Kc3 Be6 26.Rb1 f5 27.Nc1 Ra3+ 28.Kd2 Bc4 29.Rb2 b5
30.Rc2 f6 31.e4 f4 32.Ke1 Ra1 33.g3 fxg3 34.hxg3 Rb1 35.Kf2 Rxb4 36.Ne2 Rb3
37.g4 Ra3 38.Ng3 Ra2 39.Rxa2 Bxa2 40.Ke3 Be6 41.Nh1 Kf7 42.Nf2 Ke7 43.Kd2 Bc4
44.Nd1 Kd6 45.Ne3 Be6 46.Kd3 Kc5 47.Kc3 b4+ 48.Kd3 Kb5 49.Kc2 Ka4 50.Kb2 Ka5
51.Nf1 Kb5 52.Ng3 Kc4 53.Nh5 Kd3 54.Nxf6 Ke3 55.Nh7 Kf4 56.Kc2 Bc4 57.Kd2 Bf1
58.Nf6 Kxf3 59.Ng8 Kxg4 60.Nxh6+  0-1

[Event "Cairo-B"]
[Site "Cairo"]
[Date "1997.??.??"]
[Round "11"]
[White "Mohamed, Esam Ahmed Nagib"]
[Black "Timoshenko, Georgy"]
[Result "1-0"]
[WhiteElo "2340"]
[BlackElo "2510"]

1.d4 Nf6 2.c4 e6 3.Nc3 Bb4 4.Qc2 O-O 5.Bg5 b6 6.e4 h6 7.Bh4 Bb7 8.e5 g5 9.Bg3 Ne4
10.f3 Nxg3 11.hxg3 Kg7 12.Ne2 f5 13.exf6+ Qxf6 14.O-O-O Nc6 15.Ne4 Qg6 16.d5 Ne5
17.g4 Kg8 18.N2g3 Rf7 19.Be2 Re8 20.Rh5 Bf8 21.Qb3 Bg7 22.Rhh1 Rff8 23.Rd2 Rb8
24.Nc3 a6 25.dxe6 dxe6 26.Rhd1 Qf7 27.Nh5 Bh8 28.Qc2 Qe7 29.Bd3 Bc6 30.Be4 Be8
31.Ne2 b5 32.cxb5 Rxb5 33.Nc3 Rc5 34.Rd8 Nc4 35.R1d7 Qxd7 36.Rxd7 Bxd7 37.Bc6 Be8
38.Bxe8 Rxe8 39.Qg6+ Kf8 40.Nf6 Rd8 41.Qg8+ Ke7 42.Qh7+ Kxf6 43.Ne4+ Ke5
44.Nxc5 Kd5 45.Nb7 Bxb2+ 46.Kc2  1-0

[Event "Cannes op 18th"]
[Site "Cannes"]
[Date "1997.??.??"]
[Round "4"]
[White "Haik, Aldo"]
[Black "Neiman, Emmanuel"]
[Result "0-1"]
[WhiteElo "2410"]
[BlackElo "2350"]

1.d4 Nf6 2.c4 e6 3.Nc3 Bb4 4.Qc2 O-O 5.Nf3 d6 6.a3 Bxc3+ 7.Qxc3 b6 8.g3 Bb7
9.Bg2 Nbd7 10.O-O Ne4 11.Qc2 f5 12.b4 Qe8 13.Bb2 Ndf6 14.Rad1 Qh5 15.d5 e5
16.Nh4 Bc8 17.Bf3 Qe8 18.g4 Ng5 19.Nxf5 Bxf5 20.Qxf5 Nfe4 21.Bxe4 Rxf5 22.Bxf5 g6
23.Bc2 Nh3+ 24.Kh1 Qe7 25.f3 Qh4 26.Rd2 Rf8 27.Kg2 h5 28.e3 hxg4 29.Bxg6 gxf3+
30.Rxf3 Rxf3 31.Kxf3 e4+ 32.Ke2 Qg4+ 33.Kf1 Qg1+  0-1

[Event "Cannes op 18th"]
[Site "Cannes"]
[Date "1997.??.??"]
[Round "5"]
[White "Jelen, Igor"]
[Black "Mantovani, Renzo"]
[Result "0-1"]
[WhiteElo "2405"]
[BlackElo "2365"]

1.d4 Nf6 2.c4 e6 3.Nc3 Bb4 4.Qc2 O-O 5.a3 Bxc3+ 6.Qxc3 b6 7.Bg5 Ba6 8.e3 d6
9.Nf3 Nbd7 10.Bd3 c5 11.O-O Rc8 12.Qb3 h6 13.Bh4 Bb7 14.Nd2 cxd4 15.exd4 e5
16.Bf5 Rc7 17.dxe5 dxe5 18.Rad1 Qa8 19.f3 Re8 20.Rfe1 g6 21.Bb1 Kg7 22.Qe3 Bc6
23.b3 Qb7 24.Qc3 Rcc8 25.Bxf6+ Nxf6 26.Rxe5 Rxe5 27.Qxe5 Re8 28.Qc3 Qe7 29.b4 Qe2
30.Rf1 Qe3+ 31.Qxe3 Rxe3 32.b5 Bb7 33.a4 Ra3 34.Bc2 Nd7 35.Nb1 Ra2 36.Bb3 Rb2
37.c5 Nxc5 38.Bc4 Nxa4 39.Na3 Nc5 40.Ra1 g5 41.Bf1 Bd5 42.Nc4 Bxc4 43.Bxc4 Rb4
44.Bf1 Ra4 45.Rd1 h5 46.Rd6 Ra1 47.Kf2 h4 48.g3 Ra2+ 49.Kg1 Ra4 50.Kf2 Rb4
51.Ke3 Kf8 52.Rd2 hxg3 53.hxg3 Ra4 54.Rd5 f6 55.Rd6 Ke7 56.Rc6 Ne6 57.Bd3 Ra3
58.Kd2 Nd4 59.Rc7+ Kd6 60.Rf7 Nxf3+  0-1

[Event "Cherkessk"]
[Site "Cherkessk"]
[Date "1997.??.??"]
[Round "2"]
[White "Doroshkievich, Vladimir K"]
[Black "Supatashvili, Khvicha"]
[Result "1/2-1/2"]
[WhiteElo "2385"]
[BlackElo "2465"]

1.d4 Nf6 2.c4 e6 3.Nc3 Bb4 4.Qc2 O-O 5.Nf3 c5 6.dxc5 Na6 7.g3 Nxc5 8.Bd2 b6
9.Bg2 Bb7 10.O-O Nce4 11.Nxe4 Bxe4 12.Qb3 Bxd2 13.Nxd2 Bxg2 14.Kxg2 Qc7 15.Rac1 Rac8
16.Rfd1 Qc5 17.Qf3 Qe5 18.b4 a5 19.a3 axb4 20.axb4 Ra8 21.c5 bxc5 22.Rxc5 d5
23.Qd3 Rfb8 24.b5 Nd7 25.Rc6 Ra2 26.Rb1 Nb6 27.Rxb6 Rxb6 28.Nc4 Qc7 29.Nxb6 Qxb6
30.Rc1 Ra8 31.Rc6 Qb7 32.Qc2 g6 33.Qc5 d4 34.f3 Rd8 35.b6 Qa6 36.Qc4 Qxc4
37.Rxc4 Rb8 38.Rb4 Kf8 39.f4 Ke7 40.Kf3 f5 41.b7 Kd6 42.Rxd4+ Kc6 43.Rc4+ Kxb7
44.g4 Rd8 45.g5 Rd1 46.Rc3 Rd6 47.h4 Rc6 48.Ra3 Rc7 49.h5 gxh5 50.Re3 Rc6
51.Kg3 Kc7 52.Kh4 Kd6 53.Kxh5 Rc4 54.Rd3+ Ke7 55.e3 e5 56.fxe5 Ke6 57.Rd8 Kxe5
58.Re8+ Kd6 59.Rf8 Re4 60.Rxf5 Rxe3 61.Kh6 Rh3+ 62.Kg7 Rh5 63.Kf7 Kd7  1/2-1/2

[Event "Capablanca 32th Premier-A"]
[Site "Cienfuegos"]
[Date "1997.??.??"]
[Round "2"]
[White "Vera, Reynaldo"]
[Black "Rivera, Alberto"]
[Result "0-1"]
[WhiteElo "2510"]
[BlackElo "2440"]

1.d4 Nf6 2.c4 e6 3.Nc3 Bb4 4.Qc2 O-O 5.Nf3 c5 6.dxc5 Na6 7.g3 Nxc5 8.Bg2 Nce4
9.O-O Bxc3 10.bxc3 d6 11.Nd4 Nc5 12.Ba3 Bd7 13.Bxc5 dxc5 14.Nb5 Bxb5 15.cxb5 Qc7
16.Rfd1 Rad8 17.a4 h6 18.c4 b6 19.h3 Rxd1+ 20.Rxd1 Rd8 21.Ra1 h5 22.Qc3 e5
23.a5 e4 24.axb6 axb6 25.Qe3 Qe5 26.Ra6 Qe6 27.Qg5 Qxc4 28.Rxb6 Rd5 29.Rb8+ Kh7
30.Qe3 Qd4 31.b6 Qxe3 32.fxe3 Rd1+ 33.Kf2 Rb1 34.b7 g5 35.Rc8 Rxb7 36.Rxc5 Kg6
37.Rc4 Re7 38.Rc5 g4 39.h4 Ne8 40.Rg5+ Kh6 41.Rd5 f6 42.Ke1 Kg6 43.Kd2 f5
44.Ke1 Nf6 45.Rd6 Rd7 46.Ra6 Kg7 47.Bf1 Rb7 48.Rd6 Rb1+ 49.Kf2 Ra1 50.Bg2 Kf7
51.Rd8 Ke6 52.Rh8 Ke5 53.Bf1 Nd5 54.Rxh5 Nc3 55.Bg2 Nd1+ 56.Ke1 Nxe3+ 57.Kf2 Nc4
58.Bxe4 Kxe4 59.Rh8 Nd6 60.h5 Ke5 61.h6 Nf7 62.Re8+ Kf6 63.h7 Rh1 64.e4 Rxh7
65.Ke3 Rh1 66.Kf2 Nd6 67.e5+ Kf7  0-1

[Event "KS Sommerskak op"]
[Site "Copenhagen"]
[Date "1997.??.??"]
[Round "?"]
[White "Petersen, Steen"]
[Black "Hellsten, Johan"]
[Result "0-1"]
[WhiteElo "2140"]
[BlackElo "2485"]

1.d4 Nf6 2.c4 e6 3.Nc3 Bb4 4.Qc2 O-O 5.a3 Bxc3+ 6.Qxc3 b6 7.Bg5 c5 8.e3 cxd4
9.Qxd4 Nc6 10.Qd6 Bb7 11.f3 Rc8 12.b4 Ne4 13.Bxd8 Nxd6 14.Bh4 Rfe8 15.Rd1 Nf5
16.Bf2 d5 17.e4 dxe4 18.fxe4 Nh6 19.Rd7 Re7 20.Rxe7 Nxe7 21.Bd3 f5 22.Be3 fxe4
23.Be2 Nhf5 24.Bg5 Nc6 25.Nh3 Ncd4  0-1

[Event "CZE-chT2 9697"]
[Site "CZE"]
[Date "1997.??.??"]
[Round "?"]
[White "Pilar, Miloslav"]
[Black "Vacek, Martin"]
[Result "1-0"]
[WhiteElo "2275"]
[BlackElo "2235"]

1.d4 Nf6 2.c4 e6 3.Nc3 Bb4 4.Qc2 O-O 5.Nf3 b6 6.g3 Bb7 7.Bg2 d5 8.cxd5 exd5
9.O-O Re8 10.Bg5 Nbd7 11.Bh3 Bxc3 12.bxc3 Nf8 13.Ne5 h6 14.Bxf6 Qxf6 15.Bg2 Qe7
16.e3 Nd7 17.Nxd7 Qxd7 18.c4 c6 19.Rfc1 dxc4 20.Qxc4 Rec8 21.Rab1 Rc7 22.a4 Rb8
23.a5 Ba8 24.Rb2 Rcc8 25.Rcb1 c5 26.Bxa8 Rxa8 27.axb6 axb6 28.Rxb6 Ra4 29.Qc2 c4
30.Rb8 Ra8 31.Rxa8 Rxa8 32.Qxc4 Qf5 33.Rc1 Rd8 34.Qc7 Rd7 35.Qc8+ Kh7 36.Qc2  1-0

[Event "MSS-ch"]
[Site "CZE"]
[Date "1997.??.??"]
[Round "?"]
[White "Bazant, Petr"]
[Black "Machycek, Lubomir"]
[Result "0-1"]
[WhiteElo "2270"]
[BlackElo "2185"]

1.d4 Nf6 2.c4 e6 3.Nc3 Bb4 4.Qc2 O-O 5.Bg5 h6 6.Bh4 b6 7.e3 Bb7 8.f3 d5 9.a3 Bxc3+
10.Qxc3 Nbd7 11.cxd5 exd5 12.Bd3 Re8 13.Ne2 c6 14.O-O Qe7 15.Bf2 c5 16.Rac1 c4
17.Bb1 b5 18.Ng3 a5 19.Nf5 Qf8 20.Bg3 Re6 21.Be1 g6 22.Ng3 b4 23.axb4 axb4
24.Qxb4 Qxb4 25.Bxb4 Rxe3 26.Rc3 Re6 27.Ra3 Rb6 28.Rxa8+ Bxa8 29.Ba3 Nf8
30.Ne2 Ne6 31.Rd1 Bc6 32.Rd2 Ne8 33.Bc2 N8c7 34.Nc3 Nb5 35.Bc5 Ra6 36.Kf2 Nxc3
37.bxc3 Nxc5 38.dxc5 Ra3 39.Ke3 Rxc3+ 40.Kd4 Ra3 41.Ke5 Ra2 42.Kd6 c3 43.Rd3 Rxc2
44.Kxc6 Rc1 45.Rxd5 Re1  0-1

[Event "CZE-chT1b 9697"]
[Site "CZE"]
[Date "1997.??.??"]
[Round "?"]
[White "Pataridis, Janis"]
[Black "Smajzr, Martin"]
[Result "1-0"]
[WhiteElo "2125"]
[BlackElo "2140"]

1.d4 Nf6 2.c4 e6 3.Nc3 Bb4 4.Qc2 O-O 5.a3 Be7 6.e4 d6 7.Bd3 e5 8.Nge2 Bg4
9.f3 Bh5 10.Be3 c6 11.O-O-O Qc7 12.g4 Bg6 13.Ng3 Rc8 14.h4 h5 15.Qe2 exd4
16.Bxd4 hxg4 17.fxg4 d5 18.e5 Bxd3 19.Rxd3 dxc4 20.Rdd1 Nd5 21.Nce4 Nd7 22.Ng5 Nf4
23.Qe4 Bxg5 24.hxg5 Ng6 25.e6 Ndf8 26.exf7+ Qxf7 27.Nf5 Re8 28.Qg2 Ne6 29.Bc3 Nef4
30.Qh2 Ne2+ 31.Kc2 Nxc3 32.Kxc3 Re4 33.Rdf1 Qd7 34.Qh7+ Kf8 35.Nd6+ Rf4 36.Qxg6 Qxg4
37.Rh8+ Ke7 38.Re1+ Kd7 39.Qxg7+ Kxd6 40.Qe7+  1-0

[Event "Moravia-chT 9798"]
[Site "CZE"]
[Date "1997.??.??"]
[Round "2.3"]
[White "Jurasek, Miroslav"]
[Black "Bazant, Petr"]
[Result "1-0"]
[WhiteElo "2315"]
[BlackElo "2330"]

1.d4 Nf6 2.c4 e6 3.Nc3 Bb4 4.Qc2 O-O 5.a3 Bxc3+ 6.Qxc3 b6 7.Bg5 c5 8.dxc5 bxc5
9.e3 d6 10.O-O-O Ne4 11.Qd3 Nxf2 12.Bxd8 Nxd3+ 13.Bxd3 Rxd8 14.Be4 d5 15.cxd5 Bb7
16.Ne2 Nd7 17.dxe6 Bxe4 18.e7 Re8 19.Rxd7 f6 20.Nc3 Bc6 21.Rc7 Rec8 22.Rxc8+ Rxc8
23.Rd1 Re8 24.Nd5 Kf7 25.Kc2 Rb8 26.Kc3 Rb7 27.e4 Ba4 28.Rd2 Bb3 29.e5 f5
30.h4 a5 31.Ne3 Be6 32.Nc4 Bxc4 33.Kxc4 Kxe7 34.Kxc5 Ke6 35.b4 axb4 36.axb4 Kxe5
37.b5 Rc7+ 38.Kb4 Rc1 39.Rb2 Kd6 40.Rd2+ Kc7 41.Ra2 Kb7 42.Re2 g6 43.Re7+ Kb6
44.Re6+ Kb7 45.Re7+ Kb6 46.Rxh7 Rb1+ 47.Kc4 Rc1+ 48.Kd5 Rg1 49.Rh6 Rxg2 50.h5 Rh2
51.Rxg6+ Kxb5 52.h6 f4 53.Ke4 Rh4 54.Rf6 Kc4 55.Kf5 f3 56.Kg6 Rh3 57.h7 Rg3+
58.Kf7 Rh3 59.Kg7 Rg3+ 60.Kf8 Rh3  1-0

[Event "CZE-chT2 9798"]
[Site "CZE"]
[Date "1997.??.??"]
[Round "5.3"]
[White "Pilar, Miloslav"]
[Black "Ptacnikova, Lenka"]
[Result "1-0"]
[WhiteElo "2290"]
[BlackElo "2280"]

1.d4 Nf6 2.c4 e6 3.Nc3 Bb4 4.Qc2 O-O 5.a3 Bxc3+ 6.Qxc3 b6 7.f3 d5 8.cxd5 Nxd5
9.Qd2 f5 10.g3 Bb7 11.Bg2 Nd7 12.Nh3 c5 13.Nf4 Qe7 14.Nxd5 exd5 15.O-O Rae8
16.Re1 cxd4 17.Qxd4 Nc5 18.Qd1 b5 19.Bd2 Rf7 20.Rc1 d4 21.Kh1 Qe5 22.Bb4 Na4
23.Qd2 Qd5 24.b3 Qxb3 25.Qxd4 Nb6 26.Rc5 Nc4 27.Rxb5 Nxa3 28.Re5 Rc8 29.Re3 Nc2
30.Rxb3 Nxd4 31.Rb2 Rfc7 32.Kg1 Nc2 33.Rbb1 Nxb4 34.Rxb4 Bd5 35.Kf2 Kf7 36.h4 Ke6
37.Ra1 Rd8 38.Rba4 Rdd7 39.e4 fxe4 40.Bh3+ Ke5 41.f4+ Kf6 42.Ra6+ Ke7 43.Bxd7 Rxd7
44.Rxa7 Rxa7 45.Rxa7+ Kf6 46.Ke3  1-0

[Event "DEN-chT 9697"]
[Site "?"]
[Date "1997.??.??"]
[Round "6"]
[White "Kjeldsen, Jens"]
[Black "Greger, Roland"]
[Result "0-1"]
[WhiteElo "2415"]
[BlackElo "2255"]

1.d4 Nf6 2.c4 e6 3.Nc3 Bb4 4.Qc2 O-O 5.a3 Bxc3+ 6.Qxc3 d6 7.Nf3 Nbd7 8.g3 Qe7
9.Bg2 e5 10.O-O Re8 11.b4 e4 12.Ng5 d5 13.c5 Nf8 14.Nh3 h6 15.c6 b6 16.a4 g5
17.f4 g4 18.Nf2 Bf5 19.Nd1 Qe6 20.a5 b5 21.Rf2 Red8 22.e3 a6 23.Rc2 Ng6 24.Bd2 Ne8
25.Nb2 Nd6 26.Be1 Ne7 27.Rd1 Nc4 28.Nxc4 bxc4 29.Rb1 Rdb8 30.Rcb2 Qxc6 31.Bf1 Nc8
32.h3 Nd6 33.Rh2 Kg7 34.Qc2 Rh8 35.Qf2 h5 36.Be2 Qd7 37.Bd2 gxh3 38.Bc3 Rag8  0-1

[Event "Geneve op"]
[Site "Geneve"]
[Date "1997.??.??"]
[Round "6"]
[White "Arlandi, Ennio"]
[Black "Hunt, Harriet"]
[Result "0-1"]
[WhiteElo "2470"]
[BlackElo "2330"]

1.d4 Nf6 2.c4 e6 3.Nc3 Bb4 4.Qc2 O-O 5.a3 Bxc3+ 6.Qxc3 Ne4 7.Qc2 f5 8.Nh3 b6
9.f3 Nf6 10.e3 Bb7 11.Bd3 Nc6 12.b3 Qe8 13.O-O Qh5 14.Bb2 Rae8 15.d5 Nd8
16.dxe6 dxe6 17.Rad1 Qh6 18.Bc1 Nc6 19.Qc3 Qh5 20.Nf4 Qf7 21.Bc2 Nh5 22.Bb2 Nxf4
23.exf4 Rd8 24.b4 Ne7 25.Qe3 Rd6 26.Rxd6 cxd6 27.Re1 Bc8 28.Bb3 Ng6 29.Rd1 Qc7
30.Qd4 Rd8 31.c5 bxc5 32.bxc5 d5 33.g3 Ba6 34.Re1 Nf8 35.Ba4 Rb8 36.Bc3 Bc4
37.Kg2 Ba6 38.c6 Bc4 39.Qc5 Qb6  0-1

[Event "Geneve op"]
[Site "Geneve"]
[Date "1997.??.??"]
[Round "8"]
[White "Kohlweyer, Bernd"]
[Black "Hobuss, Udo"]
[Result "1/2-1/2"]
[WhiteElo "2420"]
[BlackElo "2410"]

1.d4 Nf6 2.c4 e6 3.Nc3 Bb4 4.Qc2 O-O 5.a3 Bxc3+ 6.Qxc3 b6 7.Bg5 Ba6 8.e3 d6
9.Bd3 Nbd7 10.Ne2 c5 11.b4 Rc8 12.dxc5 dxc5 13.b5 Bb7 14.O-O-O Qc7 15.f3 a6
16.a4 Ra8 17.Kb2 axb5 18.axb5 Ra7 19.Bf4 e5 20.Bg3 Rfa8 21.Ra1 Qb8 22.Bc2 Rxa1
23.Rxa1 Rxa1 24.Kxa1 Qa8+ 25.Kb2 e4 26.f4 Qe8 27.Nc1 Qe6 28.Bd1 Ne8 29.Be2 f5
30.Be1 Qf6 31.Qxf6 Nexf6 32.h3 h5 33.Bh4 Kf7 34.Na2 Ke6 35.Nc3 Kd6 36.Na4 Kc7
37.Kc2 Bc8 38.Kd1 g6 39.Bg5 Ne8 40.Bh4 Ndf6 41.Be1 Be6 42.Bc3 Nd7 43.Ke1 Nd6
44.Nb2  1/2-1/2

[Event "Oberliga Sued W9697"]
[Site "GER"]
[Date "1997.??.??"]
[Round "?"]
[White "Bureik, Matthias"]
[Black "Kipper, Jens"]
[Result "0-1"]
[WhiteElo "2260"]
[BlackElo "2200"]

1.d4 e6 2.c4 Nf6 3.Nc3 Bb4 4.Qc2 O-O 5.a3 Bxc3+ 6.Qxc3 Ne4 7.Qc2 f5 8.g3 b6
9.Bg2 Bb7 10.Nf3 Nf6 11.O-O Be4 12.Qc3 Qe8 13.Rd1 d6 14.b4 Nbd7 15.Bf1 Bb7
16.a4 a5 17.b5 Qh5 18.Ba3 f4 19.Bg2 Ne4 20.Qc1 Ndf6 21.Rf1 Ng4 22.gxf4 Ng5
23.h4 Nxf3+ 24.exf3 Qxh4 25.fxg4 Bxg2  0-1

[Event "BL2-W9798"]
[Site "Germany"]
[Date "1997.??.??"]
[Round "?.1"]
[White "Richter, Wolfgang"]
[Black "Emms, John M"]
[Result "0-1"]
[WhiteElo "2460"]
[BlackElo "2530"]

1.d4 Nf6 2.c4 e6 3.Nc3 Bb4 4.Qc2 O-O 5.a3 Bxc3+ 6.Qxc3 b6 7.Bg5 Bb7 8.e3 d6
9.f3 Nbd7 10.Bd3 c5 11.Ne2 Rc8 12.Qb3 d5 13.cxd5 cxd4 14.Qd1 Ne5 15.dxe6 Nxd3+
16.Qxd3 dxe3 17.Qxe3 fxe6 18.O-O Qe8 19.Bxf6 Rxf6 20.Rac1 Rd8 21.Rfd1 Bd5
22.Nc3 Qg6 23.Nxd5 exd5 24.Rc7 Re6 25.Qd3 Re1+ 26.Kf2 Rxd1 27.Qxd1 Qf6 28.Qd2 d4
29.Rc1 d3 30.Qc3 Qh4+ 31.Kg1 Qf4 32.Kf2 Re8 33.Qc4+ Qxc4 34.Rxc4 Re2+ 35.Kf1 Rxb2
36.Ke1 Rxg2 37.Rc8+ Kf7 38.Rc7+ Kf6 39.Rxa7 Rxh2 40.Rd7 d2+ 41.Kd1 Rf2 42.Rd6+ Ke7
43.Rxb6 Rxf3  0-1

[Event "BL2-W9798"]
[Site "Germany"]
[Date "1997.??.??"]
[Round "?.3"]
[White "Ziegler, Ari"]
[Black "Kipper, Jens"]
[Result "1-0"]
[WhiteElo "2440"]
[BlackElo "2195"]

1.d4 e6 2.c4 Nf6 3.Nc3 Bb4 4.Qc2 O-O 5.a3 Bxc3+ 6.Qxc3 Ne4 7.Qc2 f5 8.Nh3 b6
9.f3 Nd6 10.e3 c5 11.b4 cxd4 12.exd4 Nc6 13.Bb2 Bb7 14.Bd3 Qh4+ 15.Qf2 Qh6
16.O-O Rac8 17.Rfe1 Ne7 18.Qe2 Ng6 19.Rad1 Nh4 20.Rf1 f4 21.d5 exd5 22.cxd5 Ndf5
23.Bxf5 Nxf5 24.Rc1 Rce8 25.Qb5 Qd6 26.Rfd1 a6 27.Qc4 Ne3 28.Qd4 Qg6 29.Rd2 Nxd5
30.Nf2 Bc6 31.Ne4 Ne3 32.a4 Bxe4 33.fxe4 Rxe4 34.Qxd7 Qf7 35.Rc7 Qxd7 36.Rdxd7 Nf5
37.Rxg7+  1-0

[Event "BL2-O9697"]
[Site "Germany"]
[Date "1997.??.??"]
[Round "?.8"]
[White "Schaeffner, Claus"]
[Black "Eckhardt, Claudia"]
[Result "1/2-1/2"]
[WhiteElo "2195"]
[BlackElo "2140"]

1.d4 Nf6 2.c4 e6 3.Nc3 Bb4 4.Qc2 O-O 5.a3 Bxc3+ 6.Qxc3 d5 7.Bg5 Nbd7 8.cxd5 exd5
9.Nf3 c6 10.Qc2 Re8 11.e3 Qb6 12.Bd3 Ne4 13.Bf4 Nf8 14.O-O Bf5 15.Rfc1 Bg6
16.Ne5 Rac8 17.b4 a6 18.Rab1 Qd8 19.a4 Nd7 20.Nxg6 hxg6 21.Qb2 Nb6 22.Qa2 Nd6
23.Bxd6 Qxd6 24.Qb3 Nd7 25.Rc2  1/2-1/2

[Event "BL2-O9697"]
[Site "Germany"]
[Date "1997.??.??"]
[Round "?.2"]
[White "Hamann, Sven"]
[Black "Mischustov, Michael"]
[Result "1-0"]
[WhiteElo "2215"]
[BlackElo "2390"]

1.d4 Nf6 2.c4 e6 3.Nc3 Bb4 4.Qc2 O-O 5.Nf3 d6 6.e3 Re8 7.Be2 e5 8.dxe5 dxe5
9.Bd2 c6 10.e4 Bg4 11.O-O c5 12.Rfd1 Bxf3 13.Bg5 Qc8 14.Bxf3 Bxc3 15.bxc3 Qe6
16.Bxf6 Qxf6 17.Rd5 b6 18.Rad1 Nc6 19.Qa4 Na5 20.Be2 g6 21.g3 h5 22.h4 Red8
23.Rd7 Kg7 24.R1d5 Qc6 25.Qd1 Rxd7 26.Rxd7 Qf6 27.Qd5 Re8 28.Rxa7 Re7 29.Ra8 Nc6
30.Rc8 Re6 31.Qd7 Rd6 32.Qe8 Nd8 33.Kg2 Rd2 34.Bf3 Qd6 35.a4 Kf6 36.Qh8+ Ke7
37.Ra8 Qc7 38.Qh6 Rd7 39.Qg5+ Ke8 40.Qh6 Ke7 41.Qg5+  1-0

[Event "Oberliga Nord N9697"]
[Site "Germany"]
[Date "1997.??.??"]
[Round "?"]
[White "Lindinger, Markus"]
[Black "Teschke, Olaf"]
[Result "1-0"]
[WhiteElo "2185"]
[BlackElo "2110"]

1.d4 Nf6 2.c4 e6 3.Nc3 Bb4 4.Qc2 O-O 5.Nf3 d6 6.Bg5 h6 7.Bh4 c5 8.dxc5 dxc5
9.e3 b6 10.Bd3 Bb7 11.O-O-O Qe7 12.Bh7+ Kh8 13.Ne4 Na6 14.Nxf6 Bxf3 15.Rd7 Qxd7
16.Nxd7 Rfd8 17.Bxd8 Rxd8 18.gxf3  1-0